Problematika komunitních služeb jako nedílná součást rozvoje sociální práce
História a súčasný stav komunitnej práce. Sociálne služby starostlivosti o deti a rodinu, služby pre seniorov. Plánovanie a financovanie komunitnej práce. Komunitní pracovníci a syndróm vyhorenia. Profesijný rozvoj, vzdelávanie a rekvalifikácia zamestnancov v sociálnych službách.
Enregistré dans:
| Auteur principal: | |
|---|---|
| Format: | Chapitre de livre |
| Langue: | tchèque |
| Sujets: | |
| Tags: |
Pas de tags, Soyez le premier à ajouter un tag!
|
MARC
| LEADER | 00000naa a2200000 4500 | ||
|---|---|---|---|
| 001 | 0238942 | ||
| 005 | 20190426131433.6 | ||
| 041 | 0 | |a cze | |
| 044 | |a CZ | ||
| 245 | 1 | 0 | |a Problematika komunitních služeb jako nedílná součást rozvoje sociální práce |c Marek Merhaut |
| 520 | |a História a súčasný stav komunitnej práce. Sociálne služby starostlivosti o deti a rodinu, služby pre seniorov. Plánovanie a financovanie komunitnej práce. Komunitní pracovníci a syndróm vyhorenia. Profesijný rozvoj, vzdelávanie a rekvalifikácia zamestnancov v sociálnych službách. | ||
| 610 | 2 | 0 | |a práca sociálna |
| 610 | 2 | 0 | |a komunity |
| 610 | 2 | 0 | |a služby asistenčné |
| 610 | 2 | 0 | |a pracovníci sociálni |
| 610 | 2 | 0 | |a rodina |
| 610 | 2 | 0 | |a seniori |
| 610 | 2 | 0 | |a plánovanie |
| 610 | 2 | 0 | |a vzdelávanie |
| 610 | 2 | 0 | |a rekvalifikácia |
| 610 | 2 | 0 | |a syndróm vyhorenia |
| 100 | 1 | |a Merhaut, Marek | |